000 00770nam a2200217 i 4500
001 185874
003 ES-MaACL
005 20250809012710.0
008 160817s1940 sp |||| | spa d
100 1 _aIrurzun Goicoa, Pio Miguel.
_9160501
245 1 0 _aPolítica arancelaria nacional /
_cPío M. de Irurzun, Angel Rubio.
260 _aBarcelona :
_bBosch,
_c1940.
300 _aVI, 246 p. ;
_c23 cm.
490 1 _aCuadernos de estudios económicos y sociales ;
_v5
650 7 _aAranceles de aduanas-
_zEspaña
_2
_9155364
651 4 _aEspaña-
_xPolítica económica-
_yS.XX.
_98414
700 0 _aRubio, Angel.
_9100337
830 0 _aCuadernos de estudios económicos y sociales ;
_v5
_9192419
852 _aES-MaACL
_jC-8132
999 _c185874
_d185874